000 00794nam a22002653a 4500
999 _c9359
_d9359
001 16381959
003 OSt
005 20210112165934.0
008 950308s1993 pau 000 0 eng d
010 _a 97813902
020 _a0883682478
035 _a(OCoLC)ocm43002932
040 _aWaMaS
_cOEM
_dDLC
050 0 0 _aCPB Box no. 407 vol. 8
082 0 4 _a242/.2
_220
245 0 0 _aThoughts for the quiet hour /
_c[edited by] D.L. Moody.
260 _aSpringdale, PA :
_bWhitaker House,
_cc1993.
300 _a249 p. ;
_c18 cm.
650 0 _aDevotional calendars.
650 0 _aMeditations.
700 1 _aMoody, Dwight Lyman,
_d1837-1899.
710 2 _aCopyright Paperback Collection (Library of Congress)
_5DLC
906 _a7
_bcbc
_ccopycat
_d2
_encip
_f19
_gy-genrareb
942 _2ddc
_cBK